000 01358cam a2200289 i 4500
003 SA-RiAUC
005 20251030123016.0
008 251023s1981 le g 000 0 ara c
040 _aSA-JeALM
_bara
_cSA-RiAUC
_erda
082 0 4 _a210.8
090 _a210.8
_bا م ي
100 0 _aأمير علي بن سعادت علي الهندي،
_d1265-1347 هجري
_eمؤلف.
240 0 0 _aThe spirit of Islam : a history of the evolution and ideals of Islam, with a life of the Prophet.
_lArabic
245 1 0 _aروح الإسلام /
_cسيد أمير علي ؛ تعريب عمر الديراوي.
250 _aالطبعة الثانية.
264 1 _aبيروت :
_bدار العلم للملايين،
_c1968
300 _a448 صفحة ؛
_c24 سم
336 _aنص
_btxt
_2rdacontent
_3كتاب
337 _aبدون وسيط
_bn
_2rdamedia
338 _aمجلد
_bnc
_2rdacarrier
650 7 _aالإسلام
_vمتفرقات
_2aucsh
650 7 _aالإسلام
_vمقالات ومحاضرات
_2aucsh
700 1 _aالديراوي، عمر،
_d1928-2007
_eمعرب.
700 0 2 _iترجمة لـ :
_aأمير علي بن سعادت علي الهندي،
_d1265-1347 هجري
_tThe spirit of Islam : a history of the evolution and ideals of Islam, with a life of the Prophet.
942 _2ddc
_cBOOK
_n0
949 _aSA-JeALM
_d251023
_umohamedma123
_n1
999 _c12828
_d12828